00724nam a2200241 a 4500001001300000003000900013005001700022008004100039020001000080082001500090100002500105245003700130260005600167300000800223500003500231505002600266650002000292700002500312902000800337942000700345952011500352999001500467nice12345678IN_TiNIC20260116011818.0050524s1975 bana grp 000 0 eng  ac10000a246.7bPRA aPrabhu, Louella Lobo aI Have a Dreamb a One Act Play. aBangalorebNational Council of Catholic Womenc1975 a37p aincludes index and biblioraphy2 aworld christian books aChristian-Drama1 aPrabhu, Louella Lobo bSRS cBK 001040708StackRoom-aHMIbHMId2007-07-05g100.00l0o246.7 PRAp07897r2007-07-05v100.00w2005-05-24yBK c4143d4143